000 02813nam a2200325 4500
003 OSt
005 20260508115113.0
008 260508b |||||||| |||| 00| 0 aze d
020 _a9789952362626
040 _aAZ-XaKU
_baze
_cAZ-XaKU
041 _aaze
050 0 4 _aK230 .R1164 2016
100 1 _aGustav, Radbruch,
_emüəllif.
245 1 _aHüquq fəlsəfəsi
_c/ Radbruch Gustav ; tərcüməçi Əbülfəz Hüseynov ; redaktor Ceyran Abbasova ; korrektor Aysel Məmmədova
264 _aBakı:
_bQanun nəşiriyyatı,
_c2016.
300 _a272 səhifə ;
_c20 sm.
336 _atext
_btxt
_2rdacontent
337 _aunmediated
_bn
_2rdamedia
338 _avolume
_bnc
_2rdacarrier
505 0 _aGiriş -- § 1. Gerçəklik və dəyər -- § 2. Hüquq fəlsəfəsi hüququn dəyərləri haqqında elm kimi -- § 3. Hüquq fəlsəfəsində elmi istiqamətlər -- § 4. Hüquq anlayışı -- § 5. Hüquq və əxlaq -- § 6. Hüquq və adət -- § 7. Hüquqda məqsəd -- § 8. Siyasi partiyalar haqqında fəlsəfi-hüquqi təlim -- § 9. Hüquq ideyasının antinomiyası -- § 10. Hüququn qüvvəsi -- § 11. Hüququn tarixinin fəlsəfəsi -- § 12. Hüququn dini fəlsəfəsi -- § 13. Hüquqşünasın psixologiyası -- § 14. Hüququn estetikası -- § 15. Hüquq elminin məntiqi -- § 16. Xüsusi və ümumi hüquq -- § 17. Şəxs -- § 18. Mülkiyyət -- § 19. Müqavilə -- § 20. Nikah -- § 21. Vərəsəlik hüququ -- § 22. Cinayət hüququ -- § 23. Ölüm cəzası -- § 24. Əfvetmə -- § 25. Proses -- § 26. Hüquqi dövlət -- § 27. Kilsə hüququ -- § 28. Beynəlxalq hüquq -- § 29. Müharibə
520 _aGörkəmli alman alimi hüquqa mədəni dəyər baxışını əsaslandırır. Onun təhlilinin əsasını hüquqda şəxsiyyətin üstünlüyü və müstəsnalığı təşkil edir. Hüququ ədalət iradəsi kimi müəyyən edərək, Radbrux qeyd edir ki, bu iradəni "udan" qanunlar qeyri-gerçəkdir və icra olunmamalıdır. Müəllif hüququn ayrı-ayrı institutlarını – mülkiyyət, müqavilə, nikah – təhlil edərək öz fikrini inkişaf etdirir və öz ideyalarını yuridik praktikaya tətbiq etməyin yollarını göstərir. Fəlsəfi-hüquqi fikrin klassikasına çevrilərək, Q.Radbruxun bu kitabı hüququn mahiyyəti haqqında indiyədək davam edən ənənəvi və aktual fikir mübadiləsinin üzvi hissəsidir
521 _aKitab hüquqşünaslar, filosoflar, alimlər, praktiklər, tələbələr və doktorantlar üçün nəzərdə tutulmuşdur.
546 _aKitab Alman dilindən tərcümə olunub.
650 7 _aHüquq
_2AZ-XaKU
700 1 _aHüseynov, Əbülfəz,
_qtərcüməçi.
700 1 _aAbbasova, Ceyran.
_qredaktor.
700 1 _aMəmmədova, Aysel,
_qtərcüməçi.
942 _cBOOK
999 _c402
_d402